|
|
|
|
| LEADER |
00000nam a2200000 a 4500 |
| 001 |
vtls001446392 |
| 003 |
SK-MaSNL |
| 005 |
20260301163000.0 |
| 008 |
240315s2000 BG r 0 bul |
| 015 |
|
|
|a SNBZSA2003-00135
|
| 035 |
|
|
|a SNK000401637
|
| 040 |
|
|
|a SNK
|b slo
|c SNK
|e AACR2
|
| 041 |
0 |
|
|a bul
|
| 044 |
|
|
|a BG
|
| 080 |
|
|
|a 811.16`36=163.2
|2 2. slo
|
| 100 |
1 |
|
|a Laškova, Lili
|4 aut
|9 528345
|
| 245 |
1 |
|
|a Uvod v sravnitelnata gramatika na slavjanskite ezici
|c Lili Laškova
|
| 250 |
|
|
|a 1. izd.
|
| 260 |
|
|
|a Sofija
|b Emas
|c 2000
|
| 300 |
|
|
|a 223 s.
|c 20 cm
|
| 504 |
|
|
|a Bibliogr. s. 198-222
|
| 650 |
0 |
7 |
|a slovanské jazyky
|x porovnávacia gramatika
|2 SNK
|9 67003
|
| 655 |
|
7 |
|a príručky
|2 SNK
|9 74364
|
| 958 |
|
|
|a ZS
|
| 958 |
|
|
|a SS
|
| 958 |
|
|
|a NB
|
| 999 |
|
|
|c 815238
|d 817168
|
| 952 |
|
|
|t P60, <03>, [BOOK], {603}
|a SNK
|b SNK
|y PREZ
|7 0
|p 17A0403645
|o snkSD 73359
|i snkV 1119/2003
|0 0
|1 0
|4 0
|d 2003-11-13
|l 0
|r 2025-11-20 00:00:00
|w 2026-02-24
|